000 00417nam a2200145 i 4500
001 97401
003 ES-MaACL
007 t|
008 050712s1969 sp ||||1| spa d
100 1 _aMarco Sancho, Pablo.
_976488
245 1 0 _a570 problemas de electricidad /
_cpor Pablo Marco Sancho.
260 _aBarcelona :
_bGustavo Gili,
_c1969.
300 _a226 p. :
_bil. ;
_c15 cm.
852 _aES-MaACL
_jE-5737
_bR.71226
999 _c97401
_d97401